00380nam a2200157Ia 4500003000400000005001700004008004100021020001900062040000600081041000800087082002400095100001300119245003000132260005100162300000900213OSt20230703130920.0230519s9999 xx 000 0 und d a978-8123917771 c0 aeng a610.7362/GHA/DB0130 aGhai O P aGhai Essential Pediatrics bCBS Publishers & DistributorsaNew Delhic2005 a719p